| 000 | 00428nam a2200193Ia 4500 | ||
|---|---|---|---|
| 008 | 210210b1923 xxu||||| |||| 00| 0 eng d | ||
| 041 | _aeng | ||
| 082 | _a823/90 | ||
| 100 | _aSHAKESPEARE (William) | ||
| 245 | _aKing Henry IV part 2 | ||
| 260 |
_aLondon _bMethuen & co ltd _c1923 |
||
| 650 | _apart | ||
| 650 | _aKing | ||
| 650 | _aIV | ||
| 650 | _aHenry | ||
| 650 | _a2 | ||
| 690 | _aEnglish Drama | ||
| 906 | _a013642 | ||
| 999 |
_c132654 _d132654 |
||